24 Last Names Quiz Stats

 Plays Quiz not verified by Sporcle

Challenge
Share
Tweet
Embed
Score 0/26 Timer 04:00
0 Plays Today
First Name Last Name % Correct
JackBauer
99.6%
KimBauer
97.6%
DavidPalmer
95.4%
WaynePalmer
94.7%
TeriBauer
94.1%
TonyAlmeida
92.1%
ChloeO'Brian
90.6%
SherryPalmer
89%
CharlesLogan
86.7%
MichelleDessler
86.6%
GeorgeMason
86.2%
BillBuchanan
85.3%
ReneeWalker
85%
First Name Last Name % Correct
NinaMyers
84.9%
AudreyRaines
84.5%
EdgarStiles
84.2%
RyanChapelle
83.4%
AaronPierce
80.8%
MarthaLogan
80.2%
CurtisManning
78.2%
AllisonTaylor
76.8%
MorrisO'Brian
75.1%
MikeNovick
65.1%
ChristopherHenderson
64.5%
LarryMoss
53%
BehroozAraz
43.7%

You're not logged in!

Compare scores with friends on all Sporcle quizzes.
Join for Free
OR
Log In

You Might Also Like...

Show Comments

Extras

Created Oct 11, 2009ReportFavoriteNominate
Tags:character, last

Top Quizzes Today


Score Distribution

Your Account Isn't Verified!

In order to create a playlist on Sporcle, you need to verify the email address you used during registration. Go to your Sporcle Settings to finish the process.

Report this User

Report this user for behavior that violates our Community Guidelines.

Details: